| 000 | 01513nam a2200217Ia 4500 | ||
|---|---|---|---|
| 003 | Ost | ||
| 005 | 20260507075256.0 | ||
| 008 | 260507s9999||||xx |||||||||||||| ||und|| | ||
| 020 | _a123438977 | ||
| 040 | _cfsecg | ||
| 041 | _aara | ||
| 082 | _a330 | ||
| 100 |
_aبدوي، محمد عباس _eمؤلف |
||
| 245 | 0 |
_aالمحاسبة البيئية : _bبين النظرية و التطبيق / _c محمد عباس بدوي |
|
| 260 |
_aالاسكندرية: _bالمكتب الجامعي الحديث, _c2007 |
||
| 300 |
_a331 صفحة؛ _bإيضاحات ؛ _c25 سم |
||
| 504 | _a(اقتناءات 20104 3ن) | ||
| 520 | _aحدود نطاقي القياس و الاتصال المحاسبي و علاقة الافتراضات المحاسبية بقياس و عرض المسؤولية البيئية و الاجتماعية للمشروع ، نطاق الانشطة ذات المضمون البيئي و الاجتماعي و تقييم بعض الاسهامات في مجال قياس و عرض المسؤولية البيئية و الاجتماعية للمشروع مع عرض موجز لمداخل القياس البيئي و الاجتماعي ، و نمذج قياس النسؤولية البيئية و الاجتماعية للمشروع و كذلك اعتبارات التقرير عن هذه المسؤولية و التطبيق العلمي لنموذج المحاسبة عن المسؤولية البيئية و الاجتماعية . | ||
| 653 | _aالمحاسبة | ||
| 942 | _cكتاب | ||
| 999 |
_c43740 _d43740 |
||